000 00626nam a2200217 a 4500
001 BRCA_4881
005 20190320204837.0
008 141010s1988----sp-a#####c---#000-0#spa-#
020 _a8477290385
041 _aspa
044 _asp
050 4 _aPQ6335
_b.Q55 1988
245 1 0 _aEl Quijote de Gustavo Doré.
260 _aMóstolos (Madrid)
_bPerea
_c1988
300 _a126 p.
_bil.
_c31 cm.
600 1 4 _aDoré, Gustavo
_d1832-1883
_912364
600 1 4 _aCervantes Saavedra, Miguel de
_d1547-1616
_tDon Quixote
_xIlustraciones
_912365
650 1 4 _aLitografía
_ySiglo XIX
_zEspaña
_912366
902 _aCERV
942 _2lcc
_cB
999 _c4575
_d4575